Demographic aspects of educational planning / (Record no. 131947)

MARC details
000 -CABECERA
campo de control de longitud fija 00711nam a2200205 a 4500
005 - FECHA Y HORA DE LA ÚLTIMA TRANSACCIÓN
campo de control 20250111063822.0
008 - ELEMENTOS DE LONGITUD FIJA--INFORMACIÓN GENERAL
campo de control de longitud fija 080919s1969 fr r 000 0 eng d
035 ## - NÚMERO DE CONTROL DEL SISTEMA
Número de control de sistema UPN01000159833
049 ## - COLECCIÓN
Colección UNE
050 #4 - SIGNATURA TOPOGRÁFICA DE LA BIBLIOTECA DEL CONGRESO
Número de clasificación LB2806
Número de documento/Ítem T3.23
100 1# - ASIENTO PRINCIPAL--NOMBRE PERSONAL
Nombre de persona Ta, Ngoc Châu
9 (RLIN) 31298
245 10 - MENCIÓN DE TÍTULO
Título Demographic aspects of educational planning /
Mención de responsabilidad, etc. Ta Ngon Châu.
260 ## - PUBLICACIÓN, DISTRIBUCIÓN, ETC.
Lugar de publicación, distribución, etc. Paris :
Nombre del editor, distribuidor, etc. UNESCO, International Institute for Educational Planning,
Fecha de publicación, distribución, etc. 1969.
300 ## - DESCRIPCIÓN FÍSICA
Extensión 83 p. :
Otras características físicas il.
440 #0 - MENCIÓN DE SERIE/ASIENTO SECUNDARIO--TÍTULO
Título Fundamentals of educational planning ;
Designación de volumen o secuencia 9
500 ## - NOTA GENERAL
Nota general También localizas un ejemplar en Colección General
650 #4 - ASIENTO SECUNDARIO DE MATERIA - TERMINO TEMATICO
Término de materia o nombre geográfico como elemento de entrada Educación
Subdivisión general Planificación
9 (RLIN) 1146
650 #4 - ASIENTO SECUNDARIO DE MATERIA - TERMINO TEMATICO
Término de materia o nombre geográfico como elemento de entrada Educación
Subdivisión general Aspectos demográficos
9 (RLIN) 14726
905 ## - TIPO DE MATERIAL
Tipo de material Libro
Holdings
Estado de retiro Estado de pérdida Fuente del sistema de clasificación o colocación Estado dañado No para préstamo Código de colección Localización permanente Ubicación/localización actual Ubicación en estantería Total de préstamos Clasificación Código de barras Fecha visto por última vez Número de copia Tipo de ítem Koha Fecha de adquisición Enumeración/cronología de publicación seriada
    Library of Congress Classification     Colección General Bib. Gregorio Torres Quintero Bib. Gregorio Torres Quintero Planta baja   LB2806 T3.23 41549 31/12/2020 1 Libro    
    Library of Congress Classification   Disponible (Préstamo en sala) UNESCO Bib. Gregorio Torres Quintero Bib. Gregorio Torres Quintero Colecciones especiales Planta alta   LB2806 T3.23 U4964 31/12/2020 1 Libro 03/02/2023 Donación UNESCO